000 01109nam a2200325 i 4500
001 000009947
003 DO-SdBNP
005 20240412074214.0
007 ta
008 091002s2006 dr a 000 p spa d
020 _a994585710X
040 _aDO-SdBNP
_bspa
_cBNPHU
_erda
082 4 _aRD861.44
_bL247p
_222
100 1 _aLáncer, Pedro de,
_d1948-
_924885
245 1 0 _aPoemas a la vida :
_b... y como escribir poemas /
_cPedro de Láncer ; prólogo Germania Bello José.
264 _aSanto Domingo :
_bAlfa,
_c2006.
300 _a128 páginas :
_bilustraciones ;
_c21 cm.
336 _2rdacontent
_atexto
_btxt
337 _2rdamedia
_asin mediación
_bn
338 _2rdacarrier
_avolumen
_bnc
500 _aIncluye datos biográficos del autor en la solapa de la contracubierta.
504 _aBibliografía : p. 126
590 _aInventariado, 2018/LP
650 4 _aPoesía dominicana
_966
650 4 _aArte de escribir
_912162
650 0 _aLiteratura dominicana.
_967
700 1 _aBello José, Germania,
_eprólogo
_924886
910 _aValidado. Control de calidad BNPHU
942 _2ddc
_cLBS1
999 _c9706
_d9706